Food and Beverage Service Management (Record no. 17822)

MARC details
000 -LEADER
fixed length control field 00365nam a22001337a 4500
008 - FIXED-LENGTH DATA ELEMENTS--GENERAL INFORMATION
fixed length control field 190708b xxu||||| |||| 00| 0 eng d
020 ## - INTERNATIONAL STANDARD BOOK NUMBER
International Standard Book Number 9381293850
050 ## - LIBRARY OF CONGRESS CALL NUMBER
Classification number TX911.3
Item number .G87 2012 c.1
100 ## - MAIN ENTRY--PERSONAL NAME
Personal name Gupta, Ashim
245 ## - TITLE STATEMENT
Title Food and Beverage Service Management
Statement of responsibility, etc. Ashim Gupta
260 ## - PUBLICATION, DISTRIBUTION, ETC. (IMPRINT)
Place of publication, distribution, etc. New Delhi
Name of publisher, distributor, etc. Centrum Press
Date of publication, distribution, etc. 2012
300 ## - PHYSICAL DESCRIPTION
Extent 278p.
942 ## - ADDED ENTRY ELEMENTS (KOHA)
Source of classification or shelving scheme Library of Congress Classification
Koha item type General Collection
Holdings
Withdrawn status Lost status Source of classification or shelving scheme Not for loan Home library Current library Date acquired Total Checkouts Full call number Barcode Date last seen Date last checked out Price effective from Koha item type
    Library of Congress Classification   Kabarak, Main Campus Kabarak, Main Campus 08/07/2019 1 TX911.3 .G87 2012 c.1 023373 08/07/2019 08/07/2019 08/07/2019 General Collection
    Library of Congress Classification   Kabarak, Main Campus Kabarak, Main Campus 08/07/2019   TX911.3 .G87 2012 c.1 023374 08/07/2019   08/07/2019 General Collection
Designed with assistance from East African Informatics Ltd